Training and its Alternative

Bibliographic Details
Other Authors: Gleeson, Denis (Editor)
Format: Book
Language:English
Published: Philadelphia : Open University Press 1990
Subjects:

MARC

LEADER 00000cam a2200000 7i4500
001 0000002867
005 20240926.0
008 991201 pau eng
020 |a 0335093310 
040 |a INS   |b eng   |e rda 
090 0 0 |a LC1047.G7   |b T73 1990 
245 0 0 |a Training and its Alternative   |c Edited by Dennis Gleeson 
264 1 |a Philadelphia :   |b Open University Press   |c 1990 
264 4 |c ©1990 
300 |a xiii, 238 pages ;   |c 23 cm. 
336 |a text  |2 rdacontent 
337 |a unmediated  |2 rdamedia 
338 |a volume  |2 rdacarrier 
504 |a Includes bibliographical references and index 
650 0 |a Occupational training   |z Great Britain 
650 0 |a Vocational education   |z Great Britain 
700 1 |a Gleeson, Denis ,   |e editor 
999 |a 0000005763   |b BOOK   |c Open Shelf   |e Default branch